00933 a2200217 4500003000500000005001700005020001800022040000900040082001400049100002300063245003900086250001200125260005000137300002400187505020600211650003200417942002300449999001900472952012300491952010100614NUST20230113175338.0 a9788120333017 cNUST a372.6,SEN aSen, Leena9106724 aCommunication skills /cLeena Sen, a2nd ed. aPHI Learning Private LimitedbNew Delhic2007 axiii, 277 p.billus aManagerial Communication (Page-3), Verbal Communication and Presentation Skills (Page-69), Non-Verbal Communication (Page-159), Written Communication Communicating in a Multicultural World (Page-209). aCommunication Skills965561 2ddccBKk372.6,SEN c188949d188949 00102ddc4070aMCSbMCScGENd2016-12-12o372.6,SENpMCS34767r2016-12-08w2016-12-12yBKzAlmirah No.54, Shelf No.3 00102ddc40708NFICaMCSbMCSd2016-12-12l0o372.6 SENpMCS34768r2016-12-08w2016-12-12yBK